| 000 | 00544nam a2200193Ia 4500 | ||
|---|---|---|---|
| 005 | 20250423101621.0 | ||
| 008 | 250422s9999 xx 000 0 und d | ||
| 020 | _a9781137376565 | ||
| 050 | _aTA 647 .S49/ | ||
| 100 | _aSeward, Derek | ||
| 245 | 0 | _aUnderstanding structures: analysis, materials, design | |
| 250 | _a5th ed. | ||
| 260 | _aUnited State | ||
| 260 | _bPalgrave macmillan | ||
| 260 | _c2014 | ||
| 300 | _a336 p | ||
| 650 | _aGOYA (Electronic resource) Structural analysis (Engineering)--Data processing. | ||
| 942 | _cBK | ||
| 999 |
_c36767 _d36767 |
||